Mosaic II : Listening- Speaking skills text

Đã lưu trong:
书目详细资料
格式: 图书
语言:Undetermined
主题:
标签: 添加标签
没有标签, 成为第一个标记此记录!
Thư viện lưu trữ: Trung tâm Học liệu Trường Đại học Cần Thơ
LEADER 00530nam a2200157Ia 4500
001 CTU_118366
008 210402s9999 xx 000 0 und d
082 |a 428.0071 
082 |b M894L/Cas.5 
245 0 |a Mosaic II : 
245 0 |b Listening- Speaking skills text 
650 |a English language,Listening 
650 |x Spoken english 
904 |i M.Loam 
910 |i H.Mai chuyển số PL về 428.0071 dùng cho cả bộ, mã hóa cutter theo tên sách 
980 |a Trung tâm Học liệu Trường Đại học Cần Thơ